000 00440nam a2200169Ia 4500
008 230917s9999||||xx |||||||||||||| ||und||
020 _cRS795
040 _e218314
_aMAIN
041 _aEnglish
082 _a660.602458 E25P
100 _aEndress, R
245 0 _aPlant cell biotechnology
260 _aNew Delhi
_bSpringer (India)
_c2014
300 _axiv, 353 p.
500 _a1609 23/07/2014 IBP51 25/07/2014 UIET (SFS)
942 _cBK
999 _c11886
_d11886